Tensor calculus and riemannian geometry / (Record no. 67229)

MARC details
000 -LEADER
fixed length control field 00567nam a22001697a 4500
005 - DATE AND TIME OF LATEST TRANSACTION
control field 2012052805335.0
020 ## - INTERNATIONAL STANDARD BOOK NUMBER
Terms of availability 65.00
035 ## - SYSTEM CONTROL NUMBER
System control number A-799565
037 ## - SOURCE OF ACQUISITION
Stock number DPL
Source of stock number/acquisition ENG
100 ## - MAIN ENTRY--PERSONAL NAME
Personal name Agarwal, D.C.
245 ## - TITLE STATEMENT
Title Tensor calculus and riemannian geometry /
Statement of responsibility, etc by D.C. Agarwal
250 ## - EDITION STATEMENT
Edition statement 15th ed.
260 ## - PUBLICATION, DISTRIBUTION, ETC. (IMPRINT)
Place of publication, distribution, etc Meerut
Name of publisher, distributor, etc Krishna Prakashan Media
Date of publication, distribution, etc 1997
300 ## - PHYSICAL DESCRIPTION
Extent xi, 291p.
Dimensions 18 cms.
942 ## - ADDED ENTRY ELEMENTS (KOHA)
Source of classification or shelving scheme Dewey Decimal Classification
Item type English Books
Classification part 515.63
Call number suffix AGA
Holdings
Withdrawn status Lost status Not for loan Collection code Home library Current library Date acquired Cost, normal purchase price Full call number Barcode Cost, replacement price Koha item type
      Non-fiction Sarojini Nagar Sarojini Nagar 28/05/2012 65.00 515.63 AGA A-799565 65.00 English Books

© Delhi Public Library
Hit Counter
free hit counter